Zahraničněobchodní politika České republiky po vstupu do Evropské unie
Dokončenie príspevku z predchádzajúceho čísla. Zmeny, s ktorými sa stretne Česko pri obchodnej výmene s nastávajúcimi a budúcimi členmi Európskej únie.
Guardado en:
| Autor principal: | |
|---|---|
| Formato: | Capítulo de libro |
| Lenguaje: | checo |
| Materias: | |
| Etiquetas: |
Sin Etiquetas, Sea el primero en etiquetar este registro!
|
MARC
| LEADER | 00000naa a2200000 4500 | ||
|---|---|---|---|
| 001 | r048615 | ||
| 005 | 20230908091440.0 | ||
| 041 | 0 | |a cze | |
| 044 | |a CZ | ||
| 245 | 1 | 0 | |a Zahraničněobchodní politika České republiky po vstupu do Evropské unie |c Miroslav Somol |
| 520 | |a Dokončenie príspevku z predchádzajúceho čísla. Zmeny, s ktorými sa stretne Česko pri obchodnej výmene s nastávajúcimi a budúcimi členmi Európskej únie. | ||
| 610 | 2 | 0 | |a obchod zahraničný |
| 610 | 2 | 0 | |a trh zahraničný |
| 610 | 2 | 0 | |a Česko |
| 610 | 2 | 0 | |a Európska únia |
| 100 | 1 | |a Somol, Miroslav | |